000 00572nam a22001577a 4500
005 20231113120818.0
008 231113b |||||||| |||| 00| 0 eng d
041 _aEnglish
082 _a345.5 LAN
100 _aLansdown, CWH and Van der Riet, EF
_lEnglish
245 _aJudicial Interpretations of the South African Criminal Procedure Acts (1917-1955) /
_cCWH Lansdown and EF Van der Riet
260 _aCape Town :
_bJuta and Company Ltd,
_c1956
300 _bxix, 583 pages ;
_c26 cm.
650 _aLegal practice
_bLaw
942 _cBK
_6ALISON_BN_VRIES
999 _c565
_d565